Forza Horizon 1-6 Skills - Statistics

General Stats
  • This quiz has been taken 6 times
  • The average score is 54 of 152
Answer Stats
Games Skill Name Hint % Correct
FH1-6 Air Perform a jump
83%
FH1-6 Burnout Spin your tyres
83%
FH1-6 Great Air Perform a jump
83%
FH1-6 Great Burnout Spin your tyres
83%
FH1-6 Speed Drive fast
83%
FH1-6 Trading Paint Scrape your car against another
83%
FH1-6 Ultimate Air Perform a jump
83%
FH1-6 Ultimate Burnout Spin your tyres
83%
FH1-6 Awesome Air Perform a jump
67%
FH1-6 Awesome Burnout Spin your tyres
67%
FH1-6 Drift Slide your car
67%
FH1-6 E-Drift Slide your car using the handbrake
67%
FH1-6 Great Drift Slide your car
67%
FH1-6 Great E-Drift Slide your car using the handbrake
67%
FH1-6 Great J-Turn Reverse spin your car 180°
67%
FH1-6 Great Pass Overtake another car
67%
FH1-6 Great Speed Drive faster
67%
FH1-6 J-Turn Reverse spin your car 180°
67%
FH1-6 Near Miss Drive very close to a traffic car
67%
FH1-6 Pass Overtake another car
67%
FH1-6 Ultimate Drift Slide your car
67%
FH1-6 Ultimate E-Drift Slide your car using the handbrake
67%
FH1-6 Ultimate J-Turn Reverse spin your car 180°
67%
FH1-6 Ultimate Pass Overtake another car
67%
FH1-6 Ultimate Speed Drive really fast
67%
FH1-6 Awesome Drafting Slipstream the car ahead
50%
FH1-6 Awesome Drift Slide your car
50%
FH1-6 Awesome E-Drift Slide your car using the handbrake
50%
FH1-6 Awesome J-Turn Reverse spin your car 180°
50%
FH1-6 Awesome Pass Overtake another car
50%
FH1-6 Awesome Speed Drive even faster
50%
FH3-6 Barrel Roll Complete a mid-air 360° rotation
50%
FH4 Binman Destroy a garbage can
50%
FH2-6 Clean Racing Avoid collisions in a race
50%
FH1-6 Crash Landing Land on something breakable
50%
FH1-6 Daredevil Narrowly avoid three collisions in succession
50%
FH1-6 Drafting Slipstream the car ahead
50%
FH2-6 Drift Tap Nudge a wall with the rear of your car while sliding
50%
FH2-6 Great Clean Racing Avoid collisions in a race
50%
FH1-6 Great Drafting Slipstream the car ahead
50%
FH1-6 Great Near Miss Drive very close to a traffic car
50%
FH1-6 Great One Eighty Perform a U-turn
50%
FH1-6 Kangaroo Perform three jumps in succession
50%
FH1-6 One Eighty Perform a U-turn
50%
FH1-6 Sideswipe Break something while sliding
50%
FH1-6 Threading The Needle Narrowly avoid two cars either side of yours
50%
FH1-6 Two Wheels Let one side of your car go up in the air
50%
FH2-6 Ultimate Clean Racing Avoid collisions in a race
50%
FH1-6 Ultimate Drafting Slipstream the car ahead
50%
FH1-6 Ultimate Near Miss Drive very close to a traffic car
50%
FH1-6 Ultimate One Eighty Perform a U-turn
50%
FH1-6 Ultimate Wreckage Break stuff
50%
FH1-6 Wreckage Break stuff
50%
FH2-6 Awesome Clean Racing Avoid collisions in a race
33%
FH1-6 Awesome Near Miss Drive very close to a traffic car
33%
FH1-6 Awesome One Eighty Perform a U-turn
33%
FH2-6 Awesome Skill Chain Earn a lot of skill points in succession
33%
FH1-6 Awesome Two Wheels Let one side of your car go up in the air
33%
FH1-6 Awesome Wreckage Break stuff
33%
FH2-6 Clean Start Open a race without a collision
33%
FH1-6 Ebisu Style Chain a jump and a slide together
33%
FH1, FH4 (?) Going Postal Break a mailbox
33%
FH2-6 Great Skill Chain Earn a lot of skill points in succession
33%
FH1-6 Great Two Wheels Let one side of your car go up in the air
33%
FH1-6 Great Wreckage Break stuff
33%
FH1-6 Hard Charger Spin your tyres and drive quickly in succession
33%
FH3, FH5 Hot Wheels Air Jump in a Hot Wheels expansion
33%
FH3, FH5 Hot Wheels Drift Slide in a Hot Wheels expansion
33%
FH3, FH5 Hot Wheels E-Drift Handbrake slide in a Hot Wheels expansion
33%
FH3, FH5 Hot Wheels Speed Drive quickly in a Hot Wheels expansion
33%
FH4 Howzat!! Break cricket stumps
33%
FH1 (?) King Steal a crown (?)
33%
FH6 LINK Air Jump with another player
33%
FH6 LINK Drift Slide with another player
33%
FH6 LINK Sideswipe Destroy things while sliding with another player
33%
FH6 LINK Speed Drive quickly with another player
33%
FH6 LINK Wreckage Break stuff with another player
33%
FH1-6 Lucky Escape Combine a slide with narrowly avoiding another car
33%
FH3-6 Lumberjack Drive into logs or chopped wood
33%
FH1-6 Showoff Slide your car while overtaking someone
33%
FH1-3 (?) Sketchy Pass Overtake another car while damaged
33%
FH3-5 Snowman Destroy an anthropomorphic snow structure
33%
FH1-6 Triple Pass Overtake three cars at once
33%
FH2-6 Ultimate Skill Chain Earn a lot of skill points in succession
33%
FH1-6 Ultimate Two Wheels Let one side of your car go up in the air
33%
FH6 Waterworks Destroy a fire hydrant
33%
FH1-6 Wrecking Ball Break a lot of stuff
33%
FH4-6 Wrong Number Destroy a phone box
33%
FH6 Abominable Destroy a snowman
17%
FH1-6 Airborne Pass Overtake another car while flying
17%
FH6 Bamboom! Break bamboo
17%
FH6 Bullion For You Destroy a treasure chest
17%
FH1-6 (?) Crown Lover Hold the crown for 60 seconds
17%
FH6 Feat of Clay Destroy a potted plant
17%
FH6 Feed Me! Destroy a vending machine
17%
FH3-5 Fruit Salad Hit a banana sign (?)
17%
FH5 Give It Charge Destroy solar panels
17%
FH4-5 GOOOAAALLL Hit a football
17%
FH5 Hot Wheels Stunt Pass through a stunt track piece on Hot Wheels
17%
FH3 (?) Infection Touch another car in an online game mode
17%
FH1-6 Landscaping Break multiple objects like wooden fences
17%
FH1-2 (?) Left For Dead Be the last player remaining in Infection
17%
FH6 LINK Abominable Destroy a snowman with another player
17%
FH6 LINK Airborne Pass Overtake someone mid-air with another player
17%
FH6 LINK Bamboom! Break bamboo with another player
17%
FH6 LINK Barrel Roll Perform a horizontal mid-air flip with another player
17%
FH6 LINK Bullion For You Destroy a treasure chest with another player
17%
FH6 LINK Burnout Spin your tyres with another player
17%
FH6 LINK Clean Racing Race without collisions with another player
17%
FH6 LINK Clean Start! Open a race without collisions with another player
17%
FH6 LINK Crash Landing Chain a jump and destruction with another player
17%
FH6 LINK Draft Slipstream with another player
17%
FH6 LINK Drift Tap Nudge a wall while sliding with another player
17%
FH6 LINK Ebisu Style Chain a jump and a slide with another player
17%
FH6 LINK Feat of Clay Break a potted plant with another player
17%
FH6 LINK Feed Me! Destroy a vending machine with another player
17%
FH6 LINK Hard Charger Spin your tyres then drive fast with another player
17%
FH6 LINK J-Turn Reverse spin 180° with another player
17%
FH6 LINK Landscaping Break objects like wooden fences with another player
17%
FH6 LINK Lucky Escape Slide while narrowly avoiding a car with another player
17%
FH6 LINK Lumberjack Break logs or chopped wood with another player
17%
FH6 LINK Near Miss Narrowly avoid a car with another player
17%
FH6 LINK One-Eighty Perform a U-turn with another player
17%
FH6 LINK Pass Overtake with another player
17%
FH6 LINK Road Open Destroy roadworks or cones with another player
17%
FH6 LINK Shredder Destroy skis with another player
17%
FH6 LINK Skill Chain Earn lots of skill points with another player
17%
FH6 LINK Slingshot Slipstream into an overtake with another player
17%
FH6 LINK Threading The Needle Narrowly avoid two cars at once with another player
17%
FH6 LINK Trading Paint Scrape alongside a car with another player
17%
FH6 LINK Two Wheels Raise one side of your car in the air with another player
17%
FH6 LINK Under The Sea Destroy a seaweed farm with another player
17%
FH6 LINK Waterworks Destroy a fire hydrant with another player
17%
FH6 LINK Wrecking Ball Break lots of stuff with another player
17%
FH6 LINK Wrong Number Destroy a phone box with another player
17%
FH3, FH5 Loop-the-Loop Drive around a Hot Wheels stunt type
17%
FH1 Mach 1 Unknown, may be related to its Mustang namesake
17%
FH1 Over 9000 Achieve a skill chain worth this many points
17%
FH2-6 Road Open Destroy roadworks or traffic cones
17%
FH1, FH3-4 (?) Royal Pardon Steal the crown in King and hold onto it for 60s
17%
FH6 Shredder Destroy skis
17%
FH1-6 Slingshot Slipstream into an overtake
17%
FH3, FH5 Speed Boost Drive over a Hot Wheels track type
17%
FH4 Speed Champions Launch from a LEGO boost ramp
17%
FH2-3, FH5 Trashman Break a garbage bin
17%
FH4 TRY! Break rugby posts
17%
FH6 Under The Sea Destroy a seaweed farm
17%
FH3 Auto-Immune Narrowly avoid an infected player
0%
FH6 LINK Clean Sweep Destroy a garbage bin with another player
0%
FH6 LINK Show Off Slide your car while overtaking with another player
0%
FH6 LINK Stuntman Jump while narrowly avoiding a car with another player
0%
FH3-6 Stuntman Chain a jump with narrowly avoiding another car
0%
No matching quizzes found
Score Distribution
Percent of People with Each Score
Percentile by Number Answered
Your Score History
You have not taken this quiz